| 000 | 01269nam a2200289 a 4500 | ||
|---|---|---|---|
| 999 |
_c1575 _d1575 |
||
| 001 | 1634357 | ||
| 003 | CoMeUDC | ||
| 005 | 20220628122945.0 | ||
| 008 | 190813s2018 ck gr 000 0 spa d | ||
| 020 | _a9789584853394 | ||
| 040 |
_aCO-BoBLA _bspa _cCO-UdeC |
||
| 043 | _as-ck--- | ||
| 082 | 0 | 4 |
_a324.6 _bR621 |
| 100 |
_aRivera López, Melissa Andrea _92075 |
||
| 245 | 1 | 0 |
_aAproximaciones a la comprensión de los procesos electorales de las organizaciones de Acción Comunal en Colombia / _cMelissa Andrea Rivera López. |
| 260 |
_aBogotá : _bRegistraduría Nacional del Estado Civil, _bCentro de Estudios en Democracia y Asuntos Electorales, _c2018. |
||
| 300 |
_a200 p. ; _c24 cm. |
||
| 504 | _aIncluye referencias bibliográficas (páginas 199-200) | ||
| 505 | _aMarco institucional de las organizaciones comunales -- Elecciones en las organizaciones comunales -- Procesos electorales comunales desde las entidades de inspección, vigilancia y control | ||
| 546 | _aEspañol. | ||
| 650 | 0 |
_aJuntas de acción comunal _z Colombia. _92121 |
|
| 650 | 4 |
_aDesarrollo comunitario _z Colombia. |
|
| 650 | 0 |
_aParticipación comunitaria. _z Colombia. _9478 |
|
| 710 |
_92088 _aRegistraduría Nacional del Estado Civil |
||
| 942 |
_2ddc _cBK |
||
| 949 |
_ac _bc |
||